Logo BPK

Biblioteka

Politechniki Koszalińskiej

Mechanics of structures : (Rekord nr 44705)

Szczegóły MARC
000 -ETYKIETA REKORDU
podpole kontrolne o stałej długości 01009nam a2200277 i 4500
001 - NUMER KONTROLNY REKORDU
pole kontrolne bg
020 ## - MIĘDZYNARODOWY ZNORMALIZOWANY NUMER KSIĄŻKI - ISBN
ISBN 0849307007
040 ## - ŹRÓDŁO KATALOGOWANIA
Instytucja, która utworzyła rekord BPK
041 0# - KOD JĘZYKA
Kod języka tekstu eng
080 ## - UNIWERSALNA KLASYFIKACJA DZIESIĘTNA - UKD
UKD 539.4:620.1:621.01:624.01/.07]:517.9:519.61/.64
920 ## - Międzynarodowy znormalizowany numer książki – ISBN
ISBN 0-8493-0700-7
008 - POLE O STAŁEJ DŁUGOŚCI - DANE KONTROLNE
podpole kontrolne o stałej długości s pl f |000 0 pol
100 1# - NAZWA OSOBOWA
Nazwa osobowa WUNDERLICH, Walter
Daty związane z nazwą (1931- )
245 10 - TYTUŁ/ODPOWIEDZIALNOŚĆ
Tytuł Mechanics of structures :
Ciąg dalszy tytułu variational and computational methods /
Pozostałe elementy strefy tytułu i oznaczenia odpowiedzialności Walter Wunderlich, Walter D. Pilkey.
250 ## - STREFA WYDANIA
Oznaczenie wydania 2nd ed.
260 ## - STREFA ADRESU WYDAWNICZEGO
Miejsce wydania Boca Raton [et al.] :
Nazwa wydawcy/dystrybutora CRC,
Data publikacji, dystrybucji/powstania dokumentu 2003.
300 ## - STREFA OPISU FIZYCZNEGO
Objętość [18], 892 s. :
Inne cechy fizyczne il. ;
Rozmiary 26 cm.
504 ## - UWAGA DOTYCZĄCA BIBLIOGRAFII
Informacje o bibliografii Bibliogr. - Indeks.
650 #9 - HASŁO PRZEDMIOTOWE W FORMIE NAZWY OGÓLNEJ LUB JEDNOSTKOWEJ
Nazwa ogólna lub geograficzna Wytrzymałość materiałów
Określnik ogólny badanie
-- metody
650 #9 - HASŁO PRZEDMIOTOWE W FORMIE NAZWY OGÓLNEJ LUB JEDNOSTKOWEJ
Nazwa ogólna lub geograficzna Konstrukcje
Określnik ogólny mechanika
-- badanie
650 #9 - HASŁO PRZEDMIOTOWE W FORMIE NAZWY OGÓLNEJ LUB JEDNOSTKOWEJ
Nazwa ogólna lub geograficzna Mechanika stosowana
Określnik ogólny matematyka
650 #9 - HASŁO PRZEDMIOTOWE W FORMIE NAZWY OGÓLNEJ LUB JEDNOSTKOWEJ
Nazwa ogólna lub geograficzna Matematyka
Określnik ogólny stosowanie
-- mechanika
700 1# - HASŁO DODATKOWE - NAZWA OSOBOWA
Nazwa osobowa PILKEY, Walter D.
856 ## - LOKALIZACJA I DOSTĘP DO ELEKTRONICZNYCH DOKUMENTÓW ZDALNYCH
Link (URL) http://koha.tu.koszalin.pl/cgi-bin/koha/opac-detail.pl?biblionumber=44705
Tekst linku Katalog online BPK
942 ## - DODATKOWE ELEMENTY (KOHA)
Typ dokumentu Książka
Egzemplarze
Wycofany Status egzemplarza Uszkodzony Dostępność Lokalizacja stała Lokalizacja bieżąca Miejsce przechowywania Sygnatura Kod kreskowy Typ dokumentu
      Dostępny Biblioteka Politechniki Koszalińskiej Biblioteka Politechniki Koszalińskiej Wypożyczalnia BG 72256 02173634 Książka
© 2023 Biblioteka Politechniki Koszalińskiej :: KOHA